Leadership, civil society and democratisation in Africa : (Record no. 13074)

MARC details
000 -LEADER
fixed length control field 00768cam a22002172 4500
001 - CONTROL NUMBER
control field 0000007298
005 - DATE AND TIME OF LATEST TRANSACTION
control field 20151217155833.0
008 - FIXED-LENGTH DATA ELEMENTS--GENERAL INFORMATION
fixed length control field 080107s xx 000 0 eng d
020 ## - INTERNATIONAL STANDARD BOOK NUMBER
Terms of availability KES
040 ## - CATALOGING SOURCE
Original cataloging agency KABU
Transcribing agency KABU
245 10 - TITLE STATEMENT
Title Leadership, civil society and democratisation in Africa :
Remainder of title case studies from Eastern Africa /
Statement of responsibility, etc. ed. by Abdalla Bujra, Said Adejumobi.
260 ## - PUBLICATION, DISTRIBUTION, ETC. (IMPRINT)
Place of publication, distribution, etc. Addis Ababa :
Name of publisher, distributor, etc. Development Policy Management Forum [DPMF],
Date of publication, distribution, etc. 2002.
300 ## - PHYSICAL DESCRIPTION
Extent xxii, 252 p.
650 #0 - SUBJECT ADDED ENTRY--TOPICAL TERM
Topical term or geographic name as entry element Democritization
Geographic subdivision Africa.
-- 0000158526
650 #0 - SUBJECT ADDED ENTRY--TOPICAL TERM
Topical term or geographic name as entry element Civil society
Geographic subdivision Africa.
-- 0000158527
700 1# - ADDED ENTRY--PERSONAL NAME
Personal name Bujra, Abdalla.
-- 0000157303
700 1# - ADDED ENTRY--PERSONAL NAME
Personal name Adejumobi, Said.
-- 0000158528
908 ## - PUT COMMAND PARAMETER (RLIN)
Put command parameter 080107
950 ## - LOCAL HOLDINGS (RLIN)
-- 1
Holdings
Withdrawn status Lost status Source of classification or shelving scheme Not for loan Home library Current library Date acquired Total Checkouts Full call number Barcode Date last seen Price effective from Koha item type
    Library of Congress Classification   Kabarak, Main Campus Kabarak, Main Campus 17/12/2015   JQ2945 .A91L432 011683 17/12/2015 17/12/2015 Africana Collection
Designed with assistance from East African Informatics Ltd